000 00832nam a2200289I 4500
001 7150
003 BDjRUL
005 20211208234355.0
008 r19601953nyu 001 0 eng d
035 _a(BDjRUL)7192
035 _a(OCoLC)00522298
035 _aGLIS00160804
040 _cWSU
_dm.c.
_dMYG
_aBD-RjUL
_beng
041 _aeng
082 _a501
_bTOP 1960
090 _aQ175
_b.T724 1960
099 _aQ175.T724 1960
100 1 _aToulmin, Stephen,
_d1922-2009.
_93792
245 1 4 _aThe philosophy of science :
_b an introduction /
_c Stephen,Toulmin
260 _aNew York :
_bHarper,
_c1953 [ Impression 1960]
300 _a176 p.
490 1 _aHarper Torchbooks/ The Science library
650 0 _aScience
_xPhilosophy.
_922372
830 0 _aHarper torchbooks.
_914648
942 _2ddc
_cBK
999 _c7150
_d7150